000
00333nam a2200133Ia 4500
003
GCL
008
140319s9999 xx 000 0 ara d
040
_a
GCL /
_c
GCL
082
0
4
_a
921.1
_b
ا ر
100
1
_a
امين الخولى
245
1
0
_a
راى فى ابى العلاء /
_c
امين الخولى
300
_a
185 ص
490
_a
999
_c
41057
_d
41057